| 000 | 01679cam a2200325 i 4500 | ||
|---|---|---|---|
| 999 |
_c5292 _d5292 |
||
| 001 | 23216756 | ||
| 003 | OSt | ||
| 005 | 20250902142153.0 | ||
| 008 | 230706s2023 nyuab d 000 1 eng | ||
| 020 | _a9781529399325 | ||
| 040 |
_aDLC _beng _erda _cDLC _dDLC _dKH8 |
||
| 082 | _aFIC GAR | ||
| 100 | 1 |
_aGarber, Stephanie, _eauthor. |
|
| 245 | 1 | 2 |
_aA curse for true love / _cStephanie Garber. |
| 264 | 1 |
_aNew York : _bFlatiron Books, _c2023. |
|
| 300 |
_a385 pages : _billustration, map ; _c25 cm. |
||
| 336 |
_atext _btxt _2rdacontent |
||
| 337 |
_aunmediated _bn _2rdamedia |
||
| 338 |
_avolume _bnc _2rdacarrier |
||
| 490 | 0 |
_a[Once upon a broken heart ; _vbook 3] |
|
| 520 |
_a"Blood will be shed, hearts will be stolen, and true love will be put to the test in A CURSE FOR TRUE LOVE, the breathtaking conclusion to Stephanie Garber's #1 NEW YORK TIMES bestselling Once Upon A Broken Heart trilogy Two villains, one girl, and a deadly battle for happily ever after. Evangeline Fox ventured to the Magnificent North in search of her happy ending, and it seems as if she has it. She's married to a handsome prince and lives in a legendary castle. But Evangeline has no idea of the devastating price she's paid for this fairytale. She doesn't know what she has lost, and her husband is determined to make sure she never finds out. . . . but first he must kill Jacks, the Prince of Hearts"-- _cProvided by publisher. |
||
| 521 |
_aAges 13-18. _bFlatiron Books. |
||
| 650 | 1 |
_aLove _vFiction. |
|
| 650 | 1 |
_aBlessing and cursing _vFiction. |
|
| 650 | 1 |
_aMagic _vFiction. |
|
| 650 | 1 | _aFantasy. | |
| 655 | 7 |
_aFantasy fiction. _2lcgft |
|
| 655 | 7 |
_aNovels. _2lcgft |
|
| 942 |
_2ddc _cFIC |
||